Countries of the Western Hemisphere - Statistics

General Stats
  • This quiz has been taken 207 times
    157 since last reset
  • The average score is 35 of 66
Answers on the Map
Answers color-coded by a green-red scale on the quiz's map according to % correct below.
 
Answer Stats
Country % Correct
Mexico
95%
United States
95%
Brazil
94%
Canada
94%
Cuba
89%
Chile
87%
Argentina
85%
Peru
84%
Colombia
82%
Panama
82%
Haiti
79%
Honduras
78%
Paraguay
78%
Venezuela
78%
Bolivia
77%
Costa Rica
77%
Guatemala
77%
Belize
76%
Nicaragua
76%
Uruguay
76%
Bahamas
75%
Dominican Republic
74%
Ecuador
74%
Dominica
73%
El Salvador
72%
Jamaica
71%
Guyana
67%
Suriname
66%
France
59%
United Kingdom
55%
Iceland
53%
Spain
53%
Denmark
50%
Portugal
50%
Trinidad and Tobago
50%
Ireland
45%
Saint Lucia
42%
Russia
41%
Saint Kitts and Nevis
41%
Barbados
40%
Grenada
37%
Saint Vincent and the Grenadines
37%
Morocco
35%
Antigua and Barbuda
32%
Mali
32%
Netherlands
32%
Algeria
31%
Guinea
30%
Norway
30%
Cape Verde
29%
Fiji
28%
Ivory Coast
28%
New Zealand
28%
Senegal
28%
Gambia
27%
Ghana
27%
Liberia
27%
Mauritania
27%
Togo
27%
Burkina Faso
25%
Guinea-Bissau
25%
Kiribati
25%
Sierra Leone
25%
Tonga
23%
Samoa
21%
Tuvalu
20%
No matching quizzes found
Score Distribution
Percent of People with Each Score
Percentile by Number Answered
Your Score History
You have not taken this quiz since the last reset